000 01692cam a22003977a 4500
003 CHAP
005 20220329140755.0
008 971013s1985 r 00010 d
010 _a57376
011 _a58348
035 _a62503
040 _cCHAP
082 _a972.1
_bS65
110 _aSonora. Gobierno del Estado
_9108593
245 0 _aHistoria general de Sonora
260 _aHermosillo :
_bEl gobierno,
_c1985
300 _a5v
_b: ilus. ; gráfs.
505 _aContenido: v.1 Periodo prehistórico y prehispánico -- v.2 De la conquista del estado libre y soberano -- v.3 Período del México independiente, 1831-83 -- v.4 Sonora moderno, 1880-1929 -- v.5 Historia contemporanea de Sonora, 1929-84
590 _aBATCH-UPD
_b10
_c20130110
_lUCH01
_h1140
590 _aBATCH-UPD
_b10
_c20130410
_lUCH01
_h0727
590 _aBATCH-UPD
_b10
_c20130913
_lUCH01
_h2250
590 _aCONVERSION
_b10
_c20130109
_lUCH01
_h1331
650 1 4 _aAgricultura
_xSonora.
_91824
650 1 4 _aGeología
_xSonora.
_947639
650 1 4 _aSonora
_xCondiciones económicas.
_9108580
650 1 4 _aSonora
_xGeografía.
_9108586
650 1 4 _aSonora
_xHistoria.
_9108587
901 _aBK
942 _cLIBRO
949 _a972.1 S65
_bBC
_cLIBRO
_d33724000141800
_eLIBRO
_fv.5
_h67764
_i62503
_si
949 _a972.1 S65
_bBC
_cLIBRO
_d33724000141818
_eLIBRO
_fv.4
_h67763
_i62503
_si
949 _a972.1 S65
_bBC
_cLIBRO
_d33724000141826
_eLIBRO
_fv.3
_h67762
_i62503
_si
949 _a972.1 S65
_bBC
_cLIBRO
_d33724000141834
_eLIBRO
_fv.2
_h67761
_i62503
_si
949 _a972.1 S65
_bBC
_cLIBRO
_d33724000141842
_eLIBRO
_fv.1
_h67760
_i62503
_si
949 _a972.1 S65
_bBC
_cLIBRO
_d33724000593992
_eLIBRO
_fv.5 c.2
_h92950
_i62503
_kDonaciØn
_si
999 _c57376
_d57376